| 000 | 00910nas a2200265 454500 | ||
|---|---|---|---|
| 001 | 13346 | ||
| 005 | 20260407193504.0 | ||
| 008 | 260407s1976####ag###########|||spa#d | ||
| 003 | AR-UNSa-BCEJYS | ||
| 040 |
_aAR-UNSa-BCEJYS _bspa _cAR-UNSa-BCEJYS |
||
| 080 |
_a330 _xEconomía en general |
||
| 245 | 1 | 0 | _aEuropean economic review |
| 022 | _a0014-2921 | ||
| 264 | 1 |
_aAmsterdam : _bNorth Holland _c1976 |
|
| 310 | _aFrecuencia: Irregular Colección cerrada | ||
| 505 | _aAcceso a texto completo brindado por el Ministerio de Ciencia, Tecnología e Innovación productiva | ||
| 942 | _cSER | ||
| 590 | _aniveau_biblio:s niveau_hierar:1 | ||
| 100 | 1 | _aWaelbroeck, Jean | |
| 700 | 1 | _aGlejser, Herbert | |
| 650 | _aInvestigación económica | ||
| 650 | _aEuropa | ||
| 650 | _aECONOMIA | ||
| 856 | 4 | 1 |
_uhttps://biblioeco.unsa.edu.ar/pmb/images/revistas/European Economic Review.jpg _yImagen de portada _qimage/jpeg |
| 999 |
_c8459 _d8459 |
||